000 01146nam a2200229Ia 4500
001 L330-23895
003 IT-CnALBA
008 170116s9999||||xx |||||||||||||| ||und||
040 _aIT-CnALBA
_cIT-CnALBA
041 _aITALIANO
100 _aPAVAN PIETRO
245 0 _aL'ORDINE SOCIALE.
250 _a1a ed.
260 _a TORINO - ROMA
_bMARIETTI EDITORE
_c1959 [1° Ed.:1959]
300 _a455 p.
500 _aATTIVITÀ ECONOMICA: ASPETTO PSICOLOGICO, MORALE, RELIGIOSO, SOCIALE, GIURIDICO, PRODUTTIVISTICO. RETRIBUZIONE DEL LAVORO. LEGGI ECONOMICHE. DIRITTO DI PROPRIETÀ. SOLIDARIETÀ E COLLABORAZIONE. REGIME SALARIALE. CONTRATTO DI SOCIETÀ. INTERVENTI DELLO STATO.
501 _aSocietà San Paolo EM - Piazza San Paolo, 14 - 12051 ALBA (CN) (non commercial uses only) ® Copyright 2017
520 _aATTIVITÀ ECONOMICA: ASPETTO PSICOLOGICO, MORALE, RELIGIOSO, SOCIALE, GIURIDICO, PRODUTTIVISTICO. RETRIBUZIONE DEL LAVORO. LEGGI ECONOMICHE. DIRITTO DI PROPRIETÀ. SOLIDARIETÀ E COLLABORAZIONE. REGIME SALARIALE. CONTRATTO DI SOCIETÀ. INTERVENTI DELLO STATO.
650 _aECONOMIA
942 _cBK
957 _71
999 _a28643
_bNO
_g Copie: 1
_c282999
_d282999